000 00754nam a22002537i 4500
003 URS
005 20251001091328.0
008 181206s2011 -ph||||| |||| 00| 0 eng d
020 _a9716857382
040 _beng
_erda
_cURS
050 1 4 _aLB 1025.3
_bN228 2011
100 1 _aNavarro, Rosita L,
_eauthor
245 1 0 _aResearch-based teaching and learning /
_cRosita L. Navarro, Rosita G. Santos.
264 1 _aQuezon City :
_bLorimar Publishing,
_c2011.
300 _aviii, 94 pages ;
_c26 cm
336 _atext
_btxt
_2rdacontent
337 _aunmediated
_bn
_2rdamedia
338 _avolume
_bnc
_2rdacarrier
500 _aIncludes bibliographical references
526 _aBEED
650 0 _aTeaching
650 0 _aEffective teaching
942 _cF
_2lcc
999 _c5728
_d5728